000 00758nam a22001937a 4500
005 20140508112300.0
010 _aB-514069-072
020 _a9780198083955
_c1250.00
035 _aB-514069-072
037 _adpl
_bBSB/Ven
082 _a591.95461
245 _aWildlife of the Himalayas and the Terai Region/
_cedited by Ashok S.Kothari and Boman F.Chhapgar
260 _aNew Delhi
_bBombay Natural History Society India & Oxford University Press
_c2012
270 _aYMCA Library Building, 1 Jai Singh Road
_bNew Delhi
_e110001
300 _a216p.:
_c31cm(Hb)
_bcol.ill.
700 _dChhapgar Boman F.
942 _2ddc
_cEN
_h591.95461
_mWIL
999 _c84057
_d84057